[Event "Remote S7E Pioneer-64 email"]
[Site "Remote email"]
[Date "2014.08.24"]
[Round "?"]
[White "Wittig, Frank"]
[Black "Vehlow, Burkhard"]
[Result "1/2-1/2"]
[WhiteElo "2293"]
[BlackElo "2205"]
[PlyCount "33"]
[EventDate "2014.??.??"]
[EventType "tourn (corr)"]
[EventRounds "6"]
[EventCountry "GER"]
[SourceTitle "Corr 2015"]
[Source "ChessBase"]
[SourceDate "2015.07.17"]
[SourceVersion "1"]
[SourceVersionDate "2015.07.17"]
[SourceQuality "1"]

1. e4 c6 2. Nf3 d5 3. exd5 cxd5 4. d4 Nc6 5. Bb5 Bg4 6. c4 dxc4 7. h3 Bh5 8. Nc3 e6 9. 0-0 Qc7 10. Bxc4 Nf6 11. Nb5 Qb6 12. Be3 Nd5 13. Qb3 Bxf3 14. gxf3 Rd8 15. Nc3 Qxb3 16. Bxb3 Be7 17. Nxd5 1/2-1/2

[Event "Remote S7E Adv-143 email"]
[Site "Remote email"]
[Date "2014.08.17"]
[Round "?"]
[White "Vehlow, Burkhard"]
[Black "Wittig, Frank"]
[Result "1/2-1/2"]
[WhiteElo "2205"]
[BlackElo "2293"]
[PlyCount "33"]
[EventDate "2014.??.??"]
[EventType "tourn (corr)"]
[EventRounds "6"]
[EventCountry "GER"]
[SourceTitle "Corr 2015"]
[Source "ChessBase"]
[SourceDate "2015.07.17"]
[SourceVersion "1"]
[SourceVersionDate "2015.07.17"]
[SourceQuality "1"]

1. e4 e5 2. Nf3 Nc6 3. Bb5 a6 4. Bxc6 dxc6 5. d4 exd4 6. Qxd4 Qxd4 7. Nxd4 Nf6 8. f3 Bd6 9. Nc3 Bd7 10. Bg5 0-0-0 11. 0-0-0 Rhe8 12. a3 b6 13. Bh4 Kb7 14. g3 Be7 15. Nf5 Bxf5 16. exf5 Nd5 17. Bxe7 1/2-1/2

[Event "Remote S7E Adv-142 email"]
[Site "Remote email"]
[Date "2014.06.07"]
[Round "?"]
[White "Vehlow, Burkhard"]
[Black "Jarecki, Marian"]
[Result "0-1"]
[WhiteElo "2205"]
[BlackElo "2276"]
[PlyCount "58"]
[EventDate "2014.??.??"]
[EventType "tourn (corr)"]
[EventRounds "6"]
[EventCountry "GER"]
[SourceTitle "Corr 2015"]
[Source "ChessBase"]
[SourceDate "2015.07.17"]
[SourceVersion "1"]
[SourceVersionDate "2015.07.17"]
[SourceQuality "1"]

1. e4 e5 2. Nf3 Nc6 3. Bb5 f5 4. Nc3 fxe4 5. Nxe4 d5 6. Ng3 Bg4 7. h3 Bxf3 8. Qxf3 Nf6 9. Nh5 Qd6 10. Nxf6+ gxf6 11. Qh5+ Kd7 12. c3 Rd8 13. Be2 Kc8 14. d3 Kb8 15. 0-0 Ne7 16. a4 Rg8 17. a5 a6 18. Qxh7 f5 19. Qf7 Rg7 20. Qh5 Ng6 21. f4 exf4 22. Rf2 Be7 23. Qxf5 Rf8 24. Qh5 Bh4 25. Rf1 Qe7 26. d4 Rh8 27. Qf3 Bg3 28. Bd3 Nh4 29. Qxd5 Rg5 0-1

[Event "Remote S7E Adv-142 email"]
[Site "Remote email"]
[Date "2014.06.07"]
[Round "?"]
[White "Vehlow, Burkhard"]
[Black "Wittig, Frank"]
[Result "1/2-1/2"]
[WhiteElo "2205"]
[BlackElo "2293"]
[PlyCount "54"]
[EventDate "2014.??.??"]
[EventType "tourn (corr)"]
[EventRounds "6"]
[EventCountry "GER"]
[SourceTitle "Corr 2015"]
[Source "ChessBase"]
[SourceDate "2015.07.17"]
[SourceVersion "1"]
[SourceVersionDate "2015.07.17"]
[SourceQuality "1"]

1. e4 e5 2. Nf3 Nc6 3. Bb5 Nf6 4. d3 Bc5 5. 0-0 Nd4 6. Nxd4 Bxd4 7. Nd2 c6 8. Ba4 d6 9. c3 Bb6 10. Bb3 0-0 11. Nc4 Be6 12. Nxb6 axb6 13. Bxe6 fxe6 14. Qb3 d5 15. f3 b5 16. Be3 Ra5 17. d4 exd4 18. Bxd4 Re8 19. Rfe1 e5 20. Bf2 h6 21. Rad1 Kh8 22. a3 Qc7 23. exd5 Nxd5 24. Qc2 Raa8 25. Bg3 Nf4 26. Re3 Re7 27. Qe4 Rae8 1/2-1/2

[Event "Remote Easter Gr.D email"]
[Site "Remote email"]
[Date "2014.05.01"]
[Round "?"]
[White "Koestner, Wolfgang"]
[Black "Vehlow, Burkhard"]
[Result "1/2-1/2"]
[WhiteElo "2371"]
[BlackElo "2205"]
[PlyCount "48"]
[EventDate "2014.??.??"]
[EventType "tourn (corr)"]
[EventRounds "8"]
[EventCountry "GER"]
[SourceTitle "Corr 2015"]
[Source "ChessBase"]
[SourceDate "2015.07.17"]
[SourceVersion "1"]
[SourceVersionDate "2015.07.17"]
[SourceQuality "1"]

1. Nf3 g6 2. d4 Bg7 3. c4 c5 4. e4 Qb6 5. dxc5 Qxc5 6. Be2 d6 7. 0-0 Nc6 8. a3 Bg4 9. Be3 Qa5 10. Qb3 Rb8 11. Nbd2 Bxf3 12. Nxf3 Nf6 13. Bd2 Qb6 14. Qxb6 axb6 15. Bd3 Nd7 16. Ra2 0-0 17. Rb1 Rfc8 18. b3 Bf6 19. g3 Ra8 20. a4 Kg7 21. Kg2 Nc5 22. Bc2 Ne6 23. h4 h5 24. Kf1 Nc5 1/2-1/2

[Event "Remote Easter Gr.D email"]
[Site "Remote email"]
[Date "2014.05.01"]
[Round "?"]
[White "Vehlow, Burkhard"]
[Black "Fricke, Dirk"]
[Result "1-0"]
[WhiteElo "2205"]
[BlackElo "1807"]
[PlyCount "53"]
[EventDate "2014.??.??"]
[EventType "tourn (corr)"]
[EventRounds "8"]
[EventCountry "GER"]
[SourceTitle "Corr 2015"]
[Source "ChessBase"]
[SourceDate "2015.07.17"]
[SourceVersion "1"]
[SourceVersionDate "2015.07.17"]
[SourceQuality "1"]

1. e4 e6 2. d4 d5 3. Nc3 Bb4 4. e5 Ne7 5. a3 Bxc3+ 6. bxc3 c5 7. h4 Qc7 8. Nf3 cxd4 9. cxd4 0-0 10. Bd3 Nf5 11. h5 Nc6 12. Bxf5 exf5 13. h6 g6 14. 0-0 Nd8 15. Bd2 Ne6 16. Bb4 Re8 17. Qd2 a5 18. Bd6 Qc4 19. Rab1 Rd8 20. Rb3 Qc6 21. Ng5 a4 22. Rc3 Qe8 23. Rb1 Ra6 24. Nxe6 Bxe6 25. Qg5 f6 26. Qxf6 Qf7 27. Qxd8+ 1-0

[Event "Remote S7E Pioneer email"]
[Site "Remote email"]
[Date "2014.04.02"]
[Round "?"]
[White "Vehlow, Burkhard"]
[Black "Hahner, Anton"]
[Result "1/2-1/2"]
[WhiteElo "2172"]
[BlackElo "2123"]
[PlyCount "43"]
[EventDate "2014.??.??"]
[EventType "tourn (corr)"]
[EventRounds "6"]
[EventCountry "GER"]
[SourceTitle "Corr 2015"]
[Source "ChessBase"]
[SourceDate "2015.07.17"]
[SourceVersion "1"]
[SourceVersionDate "2015.07.17"]
[SourceQuality "1"]

1. e4 e6 2. d4 d5 3. Nc3 Nf6 4. Bg5 Be7 5. e5 Nfd7 6. Bxe7 Qxe7 7. Nb5 Nb6 8. c3 a6 9. Na3 c5 10. Nc2 0-0 11. Nf3 Bd7 12. Ne3 cxd4 13. cxd4 Nc6 14. Rc1 Qb4+ 15. Qd2 Qxd2+ 16. Kxd2 f6 17. exf6 gxf6 18. Rc5 Nc8 19. Bd3 Be8 20. Re1 Bg6 21. Nh4 Bxd3 22. Kxd3 1/2-1/2

[Event "Remote S7E Adv-139 email"]
[Site "Remote email"]
[Date "2014.01.20"]
[Round "?"]
[White "Plankert, Hans"]
[Black "Vehlow, Burkhard"]
[Result "1/2-1/2"]
[WhiteElo "2224"]
[BlackElo "2238"]
[PlyCount "88"]
[EventDate "2014.??.??"]
[EventType "tourn (corr)"]
[EventRounds "6"]
[EventCountry "GER"]
[SourceTitle "Corr 2015"]
[Source "ChessBase"]
[SourceDate "2015.07.17"]
[SourceVersion "1"]
[SourceVersionDate "2015.07.17"]
[SourceQuality "1"]

1. g3 d5 2. Nf3 c6 3. c4 Bg4 4. Bg2 e6 5. cxd5 Bxf3 6. Bxf3 cxd5 7. 0-0 Nc6 8. d3 Nf6 9. Bg2 Be7 10. Nc3 0-0 11. Bd2 Qb6 12. Rb1 a6 13. a3 Rfc8 14. e3 Ne5 15. Qe2 Qb3 16. Rfc1 Rc7 17. f4 Nc6 18. Qd1 Qxd1+ 19. Nxd1 Rac8 20. Rc2 Bd6 21. Kf1 Kf8 22. e4 dxe4 23. dxe4 e5 24. Nf2 Ke7 25. Rd1 Nd4 26. Rxc7+ Rxc7 27. Nd3 Nd7 28. fxe5 Nxe5 29. Nb4 Rc8 30. Bh3 Rc4 31. Nd5+ Kf8 32. Ba5 Nb5 33. Nb6 Rc2 34. a4 Nf3 35. Rd5 Nxh2+ 36. Ke1 Rxb2 37. axb5 Nf3+ 38. Kd1 Rxb5 39. Rxd6 Rxa5 40. Rd8+ Ke7 41. Rd7+ Kf8 42. Rd8+ Ke7 43. Rd7+ Kf8 44. Rd8+ Ke7 1/2-1/2

[Event "Remote S7E Adv-139 email"]
[Site "Remote email"]
[Date "2014.01.20"]
[Round "?"]
[White "Wittig, Frank"]
[Black "Vehlow, Burkhard"]
[Result "1-0"]
[WhiteElo "2313"]
[BlackElo "2238"]
[PlyCount "57"]
[EventDate "2014.??.??"]
[EventType "tourn (corr)"]
[EventRounds "6"]
[EventCountry "GER"]
[SourceTitle "Corr 2015"]
[Source "ChessBase"]
[SourceDate "2015.07.17"]
[SourceVersion "1"]
[SourceVersionDate "2015.07.17"]
[SourceQuality "1"]

1. d4 Nf6 2. Nf3 c5 3. d5 e6 4. c4 d6 5. Nc3 exd5 6. cxd5 g6 7. e4 a6 8. Bf4 Bg4 9. Be2 Bxf3 10. Bxf3 Nbd7 11. 0-0 Qc7 12. Re1 Be7 13. a4 h5 14. h3 Kf8 15. Qc1 Kg7 16. a5 Rad8 17. Be3 h4 18. Qd2 Nh5 19. Na4 Nhf6 20. b4 Ne5 21. Rec1 Nxf3+ 22. gxf3 Qd7 23. Kg2 cxb4 24. Nb6 Qe8 25. Rc7 b3 26. Bd4 Rh5 27. Qc3 Rg5+ 28. Kh2 Re5 29. Ra3 1-0

[Event "Remote S7E Adv-138 email"]
[Site "Remote email"]
[Date "2013.12.14"]
[Round "?"]
[White "Schulz, Joerg Peter"]
[Black "Vehlow, Burkhard"]
[Result "1-0"]
[WhiteElo "2393"]
[BlackElo "2238"]
[PlyCount "67"]
[EventDate "2013.??.??"]
[EventType "tourn (corr)"]
[EventRounds "6"]
[EventCountry "GER"]
[SourceTitle "Corr 2015"]
[Source "ChessBase"]
[SourceDate "2015.07.17"]
[SourceVersion "1"]
[SourceVersionDate "2015.07.17"]
[SourceQuality "1"]

1. d4 Nf6 2. c4 e6 3. Nf3 c5 4. d5 d6 5. Nc3 exd5 6. cxd5 g6 7. Nd2 Bg7 8. e4 0-0 9. Be2 a6 10. a4 Re8 11. a5 b5 12. axb6 Nbd7 13. 0-0 Nxb6 14. Re1 Qc7 15. h3 Nfd7 16. Nb3 Bxc3 17. bxc3 Rxe4 18. Qc2 Nf6 19. c4 Bb7 20. Bg5 Nbd7 21. Nd2 Re5 22. f4 Re3 23. Bf3 Rxe1+ 24. Rxe1 Re8 25. Rb1 Rb8 26. Qc3 Ne8 27. Re1 Ng7 28. g4 Re8 29. Ne4 f5 30. Bh6 Re7 31. Bxg7 Rxg7 32. Ng5 Qc8 33. Ne6 Rf7 34. gxf5 1-0

[Event "Remote S7E Adv-137 email"]
[Site "Remote email"]
[Date "2013.11.11"]
[Round "?"]
[White "Hansen, Marco"]
[Black "Vehlow, Burkhard"]
[Result "0-1"]
[WhiteElo "2273"]
[BlackElo "2238"]
[PlyCount "134"]
[EventDate "2013.??.??"]
[EventType "tourn (corr)"]
[EventRounds "6"]
[EventCountry "GER"]
[SourceTitle "Corr 2015"]
[Source "ChessBase"]
[SourceDate "2015.07.17"]
[SourceVersion "1"]
[SourceVersionDate "2015.07.17"]
[SourceQuality "1"]

1. e4 c5 2. Nf3 e6 3. Nc3 a6 4. Be2 b5 5. 0-0 Bb7 6. d4 cxd4 7. Qxd4 Nc6 8. Qe3 Qc7 9. Rd1 Nf6 10. Qf4 Qxf4 11. Bxf4 Ne7 12. Nd2 b4 13. Na4 Bxe4 14. Nxe4 Nxe4 15. Rd4 d5 16. Rxb4 Ng6 17. Rb8+ Rxb8 18. Bxb8 Be7 19. Ba7 0-0 20. g3 a5 21. c3 Ne5 22. Rd1 Rc8 23. Kg2 g6 24. Bb6 Kg7 25. Ba6 Ra8 26. Re1 Rxa6 27. Bd4 f6 28. Re2 Nc6 29. Bb6 e5 30. f3 Nd6 31. Bf2 Bd8 32. Nc5 Ra8 33. Na4 Bc7 34. Rd2 Ne7 35. Rd1 Kf7 36. Bc5 Ndf5 37. Bg1 Rd8 38. Rc1 Nc6 39. Re1 d4 40. Rc1 Bd6 41. cxd4 Ncxd4 42. Bf2 Ke6 43. Rc4 Bb4 44. Rc1 Ne7 45. Rc4 Nd5 46. a3 Be7 47. Rc1 f5 48. Bg1 f4 49. Bf2 Ne3+ 50. Bxe3 fxe3 51. Re1 e2 52. Kf2 Rc8 53. Kg2 Bg5 54. Kf2 Bd2 55. Rxe2 Nxe2 56. Kxe2 Bc1 57. Kd3 Rb8 58. b4 Bxa3 59. bxa5 Ra8 60. h4 Rxa5 61. Nc3 Be7 62. Kc2 Ra1 63. Ne4 Rf1 64. Nd2 Rf2 65. Kd3 Bb4 66. Nc4 Rxf3+ 67. Ke2 Rxg3 0-1

[Event "Remote S7E Adv-137 email"]
[Site "Remote email"]
[Date "2013.11.11"]
[Round "?"]
[White "Schatz, Hans Dieter"]
[Black "Vehlow, Burkhard"]
[Result "1/2-1/2"]
[WhiteElo "2331"]
[BlackElo "2238"]
[PlyCount "39"]
[EventDate "2013.??.??"]
[EventType "tourn (corr)"]
[EventRounds "6"]
[EventCountry "GER"]
[SourceTitle "Corr 2015"]
[Source "ChessBase"]
[SourceDate "2015.07.17"]
[SourceVersion "1"]
[SourceVersionDate "2015.07.17"]
[SourceQuality "1"]

1. d4 Nf6 2. Nf3 e6 3. Bg5 h6 4. Bh4 c5 5. e3 cxd4 6. exd4 b6 7. Bd3 Bb7 8. 0-0 Be7 9. Nbd2 0-0 10. c3 Nh5 11. Bxe7 Qxe7 12. g3 d6 13. a4 Qc7 14. a5 bxa5 15. Qa4 Nc6 16. Nb3 Nf6 17. Nfd2 e5 18. Nxa5 Nxa5 19. Qxa5 Qd7 20. Rfe1 1/2-1/2

[Event "Remote S7E Adv-137 email"]
[Site "Remote email"]
[Date "2013.11.11"]
[Round "?"]
[White "Vehlow, Burkhard"]
[Black "Varizerl, Varizerl"]
[Result "1-0"]
[WhiteElo "2238"]
[BlackElo "2047"]
[PlyCount "37"]
[EventDate "2013.??.??"]
[EventType "tourn (corr)"]
[EventRounds "6"]
[EventCountry "GER"]
[SourceTitle "Corr 2015"]
[Source "ChessBase"]
[SourceDate "2015.07.17"]
[SourceVersion "1"]
[SourceVersionDate "2015.07.17"]
[SourceQuality "1"]

1. Nf3 Nf6 2. c4 g6 3. Nc3 c5 4. e4 Nc6 5. d4 cxd4 6. Nxd4 Bg7 7. Be3 Ng4 8. Qxg4 Nxd4 9. Qd1 Ne6 10. Rc1 0-0 11. Qd2 d6 12. Be2 Qa5 13. 0-0 Nc5 14. f3 f5 15. Rc2 Bxc3 16. Qxc3 Qxc3 17. Rxc3 fxe4 18. b4 Nd7 19. fxe4 1-0

[Event "Remote S7E Pioneer-58 email"]
[Site "Remote email"]
[Date "2013.10.18"]
[Round "?"]
[White "Kahl, Karl Heinz"]
[Black "Vehlow, Burkhard"]
[Result "1/2-1/2"]
[WhiteElo "2129"]
[BlackElo "2254"]
[PlyCount "81"]
[EventDate "2013.??.??"]
[EventType "tourn (corr)"]
[EventRounds "6"]
[EventCountry "GER"]
[SourceTitle "Corr 2015"]
[Source "ChessBase"]
[SourceDate "2015.07.17"]
[SourceVersion "1"]
[SourceVersionDate "2015.07.17"]
[SourceQuality "1"]

1. d4 Nf6 2. c4 e6 3. Nc3 Bb4 4. Qc2 0-0 5. a3 Bxc3+ 6. Qxc3 d6 7. Nf3 Ne4 8. Qc2 f5 9. g3 b6 10. Bg2 Bb7 11. 0-0 Nc6 12. b4 Rb8 13. Bb2 Ne7 14. Ne1 Nf6 15. f3 Ng6 16. e4 fxe4 17. fxe4 Qd7 18. e5 Bxg2 19. Nxg2 dxe5 20. dxe5 Ng4 21. Qe2 Nh6 22. Rxf8+ Rxf8 23. Rd1 Qc6 24. Ne1 Nf5 25. Nc2 Qa4 26. b5 c5 27. Qd3 a6 28. bxa6 Qxa6 29. Rd2 Qa4 30. Rf2 Rf7 31. Rd2 Nf8 32. Qc3 Nd7 33. Qd3 b5 34. cxb5 c4 35. Qc3 Qxb5 36. Qb4 Qc6 37. Rf2 Qe4 38. Qe1 Qxe1+ 39. Nxe1 Nc5 40. g4 Ne7 41. Rxf7 1/2-1/2

[Event "Remote Federal-ch email"]
[Site "Remote email"]
[Date "2013.09.11"]
[Round "?"]
[White "Vehlow, Burkhard"]
[Black "Mueller, Achim"]
[Result "1/2-1/2"]
[WhiteElo "2254"]
[BlackElo "2464"]
[PlyCount "41"]
[EventDate "2013.??.??"]
[EventType "swiss (corr)"]
[EventRounds "12"]
[EventCountry "GER"]
[SourceTitle "Corr 2015"]
[Source "ChessBase"]
[SourceDate "2015.07.17"]
[SourceVersion "1"]
[SourceVersionDate "2015.07.17"]
[SourceQuality "1"]

1. Nf3 Nf6 2. g3 g6 3. b3 d5 4. Bb2 Bg7 5. c4 0-0 6. Bg2 Nc6 7. 0-0 d4 8. d3 e5 9. Na3 Re8 10. Nc2 a5 11. a3 Nd7 12. b4 Nb6 13. b5 Nb8 14. Rb1 N8d7 15. e3 Na4 16. exd4 Nxb2 17. Rxb2 exd4 18. Ncxd4 Nc5 19. Re2 Rxe2 20. Nxe2 Qxd3 21. Nf4 1/2-1/2

[Event "Remote Federal-ch email"]
[Site "Remote email"]
[Date "2013.09.11"]
[Round "?"]
[White "Vehlow, Burkhard"]
[Black "Peschen, Rainer"]
[Result "1-0"]
[WhiteElo "2172"]
[BlackElo "1612"]
[PlyCount "101"]
[EventDate "2013.??.??"]
[EventType "swiss (corr)"]
[EventRounds "12"]
[EventCountry "GER"]
[SourceTitle "Corr 2015"]
[Source "ChessBase"]
[SourceDate "2015.07.17"]
[SourceVersion "1"]
[SourceVersionDate "2015.07.17"]
[SourceQuality "1"]

1. Nf3 Nf6 2. c4 Nc6 3. d4 e6 4. a3 d5 5. e3 Be7 6. Nc3 0-0 7. Qc2 a6 8. b4 Bd7 9. Bb2 Qe8 10. Be2 dxc4 11. Bxc4 a5 12. b5 Na7 13. a4 c6 14. Qd3 cxb5 15. axb5 Bb4 16. 0-0 Nc8 17. Ne5 Nd6 18. Rfc1 Nxc4 19. Qxc4 Rc8 20. Qb3 b6 21. Na2 Be7 22. Rxc8 Bxc8 23. Nc6 Bd6 24. Nc3 Bb7 25. e4 Nh5 26. e5 Bxc6 27. bxc6 Bb4 28. Qc4 Nf4 29. Nb5 f6 30. Bc1 Nxg2 31. Kxg2 Qg6+ 32. Kf1 Qe4 33. Bd2 Qh1+ 34. Ke2 Qxa1 35. Bxb4 axb4 36. c7 Qa6 37. exf6 gxf6 38. Ke3 b3 39. Qxe6+ Kh8 40. Qxb3 Qc8 41. Qd5 Qh3+ 42. Kd2 Qf1 43. Qf5 Qc4 44. Qd7 Qa2+ 45. Ke3 Qb3+ 46. Ke4 Qc4 47. Na7 f5+ 48. Ke5 Qe2+ 49. Kd5 Qe4+ 50. Kc4 Qe2+ 51. Kb4 1-0

[Event "Remote S7E Adv-133 email"]
[Site "Remote email"]
[Date "2013.06.01"]
[Round "?"]
[White "Vehlow, Burkhard"]
[Black "Heinrich, Olaf Wittmund"]
[Result "0-1"]
[WhiteElo "2238"]
[BlackElo "2345"]
[PlyCount "70"]
[EventDate "2013.??.??"]
[EventType "tourn (corr)"]
[EventRounds "6"]
[EventCountry "GER"]
[SourceTitle "Corr 2015"]
[Source "ChessBase"]
[SourceDate "2015.07.17"]
[SourceVersion "1"]
[SourceVersionDate "2015.07.17"]
[SourceQuality "1"]

1. d4 d5 2. c4 c6 3. Nf3 Nf6 4. e3 e6 5. Nbd2 Nbd7 6. Bd3 dxc4 7. Nxc4 b6 8. 0-0 Be7 9. Qc2 Bb7 10. Nce5 Nxe5 11. Nxe5 Rc8 12. Rb1 a5 13. Bd2 0-0 14. Bc3 g6 15. Rfd1 Nd5 16. e4 Nb4 17. Qb3 Nxd3 18. Rxd3 Bf6 19. Ng4 Bg7 20. Rbd1 Qc7 21. f3 Ba6 22. R3d2 Rfe8 23. g3 Rcd8 24. Kg2 h5 25. Ne3 Bh6 26. f4 Bf8 27. a3 b5 28. Rc2 b4 29. axb4 Qb7 30. Rcc1 axb4 31. Be1 c5 32. d5 Be2 33. Rd2 exd5 34. Rxe2 Rxe4 35. Kf1 d4 0-1

[Event "Remote S7E Pioneer-56 email"]
[Site "Remote email"]
[Date "2013.05.31"]
[Round "?"]
[White "Vehlow, Burkhard"]
[Black "Eckhardt, Andreas"]
[Result "1/2-1/2"]
[WhiteElo "2286"]
[BlackElo "2205"]
[PlyCount "48"]
[EventDate "2013.??.??"]
[EventType "tourn (corr)"]
[EventRounds "6"]
[EventCountry "GER"]
[SourceTitle "Corr 2015"]
[Source "ChessBase"]
[SourceDate "2015.07.17"]
[SourceVersion "1"]
[SourceVersionDate "2015.07.17"]
[SourceQuality "1"]

1. d4 d5 2. c4 c6 3. Nf3 Nf6 4. Qc2 g6 5. Bf4 Bf5 6. Qb3 Qb6 7. c5 Qxb3 8. axb3 Nbd7 9. Nc3 a6 10. b4 Rc8 11. h3 Ne4 12. e3 Bg7 13. Bd3 Nxc3 14. Bxf5 Nb5 15. Bd3 f6 16. Bxb5 cxb5 17. Bg3 Kf7 18. Kd2 h6 19. Kd3 e5 20. Kc3 Ke6 21. Kb3 Nb8 22. Rhe1 Nc6 23. Ng1 exd4 24. exd4+ Kd7 1/2-1/2

[Event "Remote S7E Pioneer-56 email"]
[Site "Remote email"]
[Date "2013.05.31"]
[Round "?"]
[White "Vehlow, Burkhard"]
[Black "Guelker, Lorenz"]
[Result "1-0"]
[WhiteElo "2286"]
[BlackElo "2210"]
[PlyCount "43"]
[EventDate "2013.??.??"]
[EventType "tourn (corr)"]
[EventRounds "6"]
[EventCountry "GER"]
[SourceTitle "Corr 2015"]
[Source "ChessBase"]
[SourceDate "2015.07.17"]
[SourceVersion "1"]
[SourceVersionDate "2015.07.17"]
[SourceQuality "1"]

1. c4 e5 2. g3 Nf6 3. Bg2 Bc5 4. Nc3 Nc6 5. e3 0-0 6. a3 Bb6 7. Nge2 d6 8. 0-0 Bg4 9. Qc2 Qc8 10. b4 a6 11. Bb2 Bf5 12. e4 Bg4 13. Rfe1 Qd8 14. h3 Bxe2 15. Nxe2 Qe7 16. b5 axb5 17. cxb5 Na7 18. a4 c6 19. Bc3 cxb5 20. Qb2 Rfe8 21. axb5 Nxb5 22. Qxb5 1-0

[Event "Remote Random email"]
[Site "Remote email"]
[Date "2013.04.23"]
[Round "?"]
[White "Klebe, Dieter"]
[Black "Vehlow, Burkhard"]
[Result "0-1"]
[WhiteElo "1602"]
[BlackElo "2249"]
[PlyCount "54"]
[EventDate "2013.??.??"]
[EventType "tourn (corr)"]
[EventRounds "6"]
[EventCountry "GER"]
[SourceTitle "Corr 2015"]
[Source "ChessBase"]
[SourceDate "2015.07.17"]
[SourceVersion "1"]
[SourceVersionDate "2015.07.17"]
[SourceQuality "1"]

1. e4 e5 2. Nf3 Nc6 3. Bb5 a6 4. Ba4 Nf6 5. 0-0 Be7 6. Bxc6 dxc6 7. Nxe5 Nxe4 8. d3 Nd6 9. Nc3 0-0 10. Ng4 Nb5 11. Nxb5 axb5 12. Ne5 Re8 13. c4 Bf6 14. Nxc6 bxc6 15. cxb5 cxb5 16. Qb3 Bf5 17. Bf4 Qxd3 18. Bxc7 Qxb3 19. axb3 Rxa1 20. Rxa1 Bxb2 21. Rd1 Bc2 22. Rd8 Rxd8 23. Bxd8 Bxb3 24. h3 Bc4 25. f3 b4 26. Ba5 Bd4+ 27. Kh2 b3 0-1